Introducción a las tablas de vapor de agua

Bibliographic Details
Main Author: Hill, Philip G.
Format: Section = Libro
Language:Undetermined
Spanish
Published: Canada [s.e.] 1978
Subjects:
LEADER 00432nam a2200169Ia 4500
008 240830s9999 xx 000 0 und d
040 |a B-ESTELÍ- RUACS / 621.4021 H645 
041 |a spa 
082 |a 621.4021 H645 
100 1 |a Hill, Philip G. 
245 1 0 |a Introducción a las tablas de vapor de agua 
260 |a Canada  |b [s.e.]  |c 1978 
300 |a 147 p:il 
650 7 |a USO DE TABLAS 
942 |c BK  |2 ddc 
991 |a TEXTO 
999 |c 11218